000 00930aas a2200217 4500
999 _c53808
_d53808
001 768714001
003 CO-MdFUSB
005 20171114170255.0
008 170808s1997 xxu||||| |||| 00| 0 eng d
022 _a0098-9444
040 _aCO-MdFUSB
_bspa
_cCO-MdFUSB
_dCO-MdFUSB
041 _aspa
242 1 1 _a¿Monarquía en el trabajo? :
_bla evidencia de tres puertas
245 1 0 _aMonarchy at work? :
_bthe evidence of theree gates
300 _aVolumen 23. Número 4 (1997), páginas 38-39
_c: 28 cm.
520 1 _aEl rey Salomón, según la Biblia, construyó las paredes de "Hazor, Meguido [y] Gezer". Las puertas monumentales de seis cámaras muy similares en diseño se han descubierto en Hazor, Megiddo y Gezer.
546 _aTexto en inglés
650 7 _9403
_aExcavaciones arqueológicas
773 0 _tBiblical Archaeology Review
_049395
_959489
_gVolumen 23. Número 4 (1997), páginas 38-39
_qPágina 38
942 _cANA